Pictures by Letter - Z - Statistics

General Stats
  • This quiz has been taken 23,271 times
  • The average score is 9 of 15
Answer Stats
Picture Answer % Correct
Zebra
100%
Zeus
95%
Zuckerberg
94%
Zipper
91%
Zimbabwe
88%
Zeppelin
75%
Zen
65%
Zippo
56%
Zinc
55%
Zirconia
48%
Zodiac
48%
Zürich
37%
Zelda
34%
Ziggurat
28%
Zither
25%
No matching quizzes found
Score Distribution
Percent of People with Each Score
Percentile by Number Answered
Your Score History
You have not taken this quiz